Central Library and Information Centre
Sibsagar Girls' College, Sivasagar : Assam

ANIMAL PHYSIOLOGY WITH RELATED BIOCHEMISTRY (Record no. 7010)

MARC details
000 -LEADER
fixed length control field 00419cam a2200169ua 4500
008 - FIXED-LENGTH DATA ELEMENTS--GENERAL INFORMATION
fixed length control field 060101n1994 II |||gr||||Z||||||eng
040 ## - CATALOGING SOURCE
Original cataloging agency MAIN
041 ## - LANGUAGE CODE
-- English
082 ## - DEWEY DECIMAL CLASSIFICATION NUMBER
Classification number 571 BER
100 ## - MAIN ENTRY--PERSONAL NAME
Personal name BERRY, A. K.
245 ## - TITLE STATEMENT
Title ANIMAL PHYSIOLOGY WITH RELATED BIOCHEMISTRY
260 ## - PUBLICATION, DISTRIBUTION, ETC.
Place of publication, distribution, etc. DELHI
Name of publisher, distributor, etc. EMKAY PUBLICATION
Date of publication, distribution, etc. 1994
300 ## - PHYSICAL DESCRIPTION
Extent 532:
Dimensions 25CM.
942 ## - ADDED ENTRY ELEMENTS (KOHA)
Koha item type Books
653 ## - INDEX TERM--UNCONTROLLED
Uncontrolled term Physiology & related subjects
Holdings
Withdrawn status Lost status Damaged status Not for loan Collection code Home library Current library Shelving location Date acquired Full call number Barcode Date last seen Copy number Price effective from Koha item type Public note
        TBZOO Central Library and Information Centre Sibsagar Girls College Central Library and Information Centre Sibsagar Girls College ZOOLOGY BOOK RACK 05.02.1997 571 BER 14666 27.02.2020 1 27.02.2020 Books V


Sibsagar Girl's College © 2020. All rights reserved.
Powered by Koha.
Maintained by Abhijit Borpuzari.